01775nam a2200277 a 4500001001000000003000900010005001700019007000300036008003700039020001500076040003000091082002900121100004500150245007500195264007200270300002800342336002700370337003500397338003000432490007600462500007000538504007300608505068500681650007001366651006101436000027384DO-SdBPM20260220103513.0ta110331s2002 dr 000 0 spa d a9993430471 aDO-SdBPMbspacBPMSUerda 4a972.9302bD325r 20022221 aDeive, Carlos Esteband1935-2019eautor 10aRebeldes y marginados :bensayos históricos /cCarlos Esteban Deive. aSanto Domingo :bBanco Central de la República Dominicana,c2002. a148 Páginas ;c23 cm atextobtxt2rdacontent asin mediación bn2rdamedia  avolumen bnc2rdacarrier 0 aBanco Central de la República Dominicana ;aCiencias sociales,v55/11 aIncluye datos biográficos del autor en la solapa de la cubierta aIncluye referencias bibliográficas y notas al pie de las páginas0 aIntroducción 9|Cuál fué la primera revolución de esclavos negros en América? 11|Nuevas aportaciones al conocimiento de los orígenes de los esclavos africanos traídos a Santo Domingo 21|La abolición de la esclavitud y la independencia de Santo Domingo 41|Los judios en la Española 55|Guaymaros y hechiceras en Santo Domingo 71|Los cacicazgos de la Española 81|Documentos inéditos relativos a Toussaint Louverture y su incorporación a la República Francesa 89|Pedro Mexía de Ovando : un crítico del sistema colonial españolense 105|Carlos de Aragón y el Santo Oficio 113|Santo Domingo, las cortes de Cádiz y los primeros intentos separatistas 121 7aAbolición de la esclavitud xHistoria zRepública Dominicana 7aRepública Dominicana xHistoria yColonia 1503-1795